All songs by Shawn Mendes - Statistics

General Stats
  • This quiz has been taken 206 times
  • The average score is 41 of 105
Answer Stats
Album etc. Songs Additional Info % Correct
Wonder Wonder
92%
Shawn Mendes Deluxe Señorita ft. Camila Cabello
89%
Handwritten Stitches
88%
Wonder Monster ft. Justin Bieber
86%
Handwritten I Know What You Did Last Summer ft. Camila Cabello
85%
Illuminate Treat You Better
82%
Unreleased Lost
75%
Illuminate Mercy
74%
Shawn Mendes In My Blood
72%
Shawn Mendes Lost In Japan
72%
Handwritten Life Of The Party
71%
Shawn Mendes Youth ft. Khalid
68%
Illuminate Deluxe Roses
66%
Wonder 305
64%
Illuminate Bad Reputation
63%
Shawn Mendes Deluxe If I Can't Have You
63%
Collaboration Lover ft. Taylor Swift
63%
Illuminate There's Nothing Holdin' Me Back
62%
Shawn Mendes Queen
59%
Handwritten Something Big
58%
Handwritten Never Be Alone
57%
Illuminate Lights On
55%
Handwritten Air ft. Astrid S
54%
Handwritten Deluxe Imagination
53%
Shawn Mendes Why
53%
Shawn Mendes Like To Be You ft. Julia Michaels
52%
Shawn Mendes Nervous
52%
Illuminate Ruin
52%
Wonder Teach Me How To Love
52%
Wonder Intro
49%
Shawn Mendes Perfectly Wrong
49%
Collaboration Summer Of Love ft. Tainy
49%
Shawn Mendes Where Were You In The Morning?
49%
Handwritten Aftertaste
48%
Wonder Call My Friends
48%
Wonder Look Up At The Stars
48%
Illuminate Three Empty Words
48%
Shawn Mendes Fallin' All In You
47%
Illuminate No Promises
47%
Shawn Mendes Mutual
46%
Handwritten Deluxe The Weight
45%
Wonder 24 Hours
43%
Wonder Dream
43%
Handwritten Revisited Memories
43%
Shawn Mendes Particular Taste
43%
Handwritten Strings
43%
Illuminate Understand
43%
Single It'll Be Okay
42%
Handwritten Kid In Love
42%
Handwritten A Little Too Much
41%
Illuminate Don't Be A Fool
41%
Wonder Higher
41%
Illuminate Deluxe Hold On
41%
Illuminate Honest
41%
Illuminate Patience
41%
Single When You're Gone
41%
Wonder Always Been You
39%
Shawn Mendes Because I Had You
39%
Wonder Holiday Deluxe The Christmas Song ft. Camila Cabello
39%
Illuminate Like This
38%
Handwritten Revisited Running Low
38%
Shawn Mendes When You're Ready
38%
Soundtrack Believe from "Descendants"
37%
EP Show You
37%
Collaboration KESI ft. Camilo
36%
Wonder Song For No One
36%
Handwritten I Don't Even Know Your Name
35%
Wonder Piece Of You
35%
Handwritten Revisited Act Like You Love Me
33%
Handwritten Crazy
33%
Wonder Can't Imagine
31%
Soundtrack Heartbeat from "Lyle, Lyle, Crocodile"
29%
Handwritten Deluxe Bring It Back
28%
Handwritten This Is What It Takes
28%
Single WHAT THE HELL ARE WE DYING FOR ?
28%
Soundtrack Top Of The World from "Lyle, Lyle, Crocodile"
27%
Wonder Holiday Deluxe Can't Take My Eyes Off You Cover (BBC Live Version)
24%
Cover Under Pressure with teddy
23%
Cover Use Somebody Played in a Mashup for MTV Unplugged
23%
EP One Of Those Nights
22%
Soundtrack Rip Up The Recipe from "Lyle, Lyle, Crocodile"
20%
Collaboration Earth ft. Lil Dicky
19%
Collaboration Witness Me ft. Jacob Collier, Stormzy & Kirk Franklin
19%
Collaboration Ballin Flossin ft. Chance the Rapper
17%
Soundtrack Add It Up from "The 100"
16%
Soundtrack Take A Look At Us Now from "Lyle, Lyle, Crocodile"
16%
Soundtrack Carried Away from "Lyle, Lyle, Crocodile"
15%
Collaboration Oh Cecilia (Breaking My Heart) ft. The Vamps
15%
Unreleased Cold In California
10%
Cover Hey There Delilah Played in a Mashup live at Madison Square Garden
8%
Unreleased Satisfied
8%
Unreleased Don't Want Your Love
7%
Unreleased Sure Of Myself
7%
Unreleased What If I Told You A Story
7%
Cover If The World Was Ending Capital
5%
Unreleased Try My Best
5%
Written Chances Backstreet Boys song
3%
Cover I Want You Back Played in a Mashup live at Madison Square Garden
3%
Unreleased Addicted
2%
Cover Jessie's Girl played at Rod Laver Arena, Melbourne (31/10/2019)
2%
Unreleased She'll Be The One
2%
Cover What A Wonderful World Played at "One World Together At Home" with Camila Cabello
2%
Unreleased Cameron Dallas Is My Boyfriend
1%
Co-Written Someone I Used To Know Zac Brown Band song
1%
Unreleased The Only Reason I Came To This Party
1%
No matching quizzes found
Score Distribution
Percent of People with Each Score
Percentile by Number Answered
Your Score History
You have not taken this quiz